000 00837nmm a2200277 a 4500
001 ocm000621553
003 TR-IsHL
005 20201028130310.0
008 130927s2008 tu tur
007 cr cn
020 _a9789944444675
035 _a621553
_b(N$T)
050 0 4 _aPN6377
_b.Y35 2008
090 0 4 _aPN6377
_b.Y35 2008
100 1 _aYaka, Kerim
245 1 0 _aBeni sev
_h[electronic resource] /
_cKerim Yaka
250 _a1. bs.
260 _aİstanbul :
_bAres Kitap,
_c2008
300 _a96 p.
650 4 _aDil ve Edebiyat
650 4 _aLanguage and Literature
650 0 _aHalk edebiyatı, Türkiye
650 0 _aFolk literature, Turkish
650 7 _aSOCIAL SCIENCE / Folklore & Mythology
_2bisacsh
856 4 0 _uhttp://search.ebscohost.com/login.aspx?direct=true&scope=site&db=e011xww&AN=621553
999 _c3947
_d3947